000 00688nam a2200289Ia 4500
005 20260324120636.0
008 008 260324s9999 xx 000 0 eng d
020 _a9781315692685
037 _aEBOOK
040 _aCRL
040 _beng
040 _cCRL
041 _2eng
041 _aeng
084 _qCRL
100 _aLuigi Berzano; Carlo Genova
_91159392
245 0 _aLifestyles and Subcultures
245 0 _bHistory and a New Perspective
260 _bTaylor and Francis
260 _c2015
365 _a
365 _b240
856 _uhttp://www.taylorfrancis.com/books/9781315692685
942 _cEBOOK
999 _c1751027
_d1751027